[Event "WSTCC-50 2024"]
[Site "Krakow"]
[Date "2024.07.10"]
[Round "8.15"]
[White "Csom, Etelka"]
[Black "Richter, Ulrike"]
[Result "1/2-1/2"]
[WhiteElo "1996"]
[BlackElo "1904"]
[Annotator "NA RC"]
[PlyCount "27"]
[EventDate "2024.07.01"]
[EventType "team-tourn"]
[EventCountry "POL"]
[SourceTitle "playchess.com"]
[Source "ChessBase"]
[SourceQuality "1"]

1. e4 c5 2. Nc3 Nc6 3. g3 d6 4. Bg2 Nf6 5. d3 g6 6. f4 Bg7 7. Nf3 a6 8. O-O O-O 9. h3 Qc7 10. Be3 e6 11. Qd2 b6 12. Bf2 Bb7 13. g4 Ne7 14. Rae1 1/2-1/2

[Event "WSTCC-50 2024"]
[Site "Krakow"]
[Date "2024.07.10"]
[Round "8.16"]
[White "Scheckenbach, Franz"]
[Black "Davies, Nigel R"]
[Result "0-1"]
[WhiteElo "2072"]
[BlackElo "2325"]
[Annotator "TA"]
[PlyCount "74"]
[EventDate "2024.07.01"]
[EventType "team-tourn"]
[EventCountry "POL"]
[SourceTitle "playchess.com"]
[Source "ChessBase"]
[SourceQuality "1"]

1. e4 c5 2. Nf3 e6 3. d3 Nc6 4. g3 Nf6 5. Bg2 Be7 6. O-O O-O 7. Re1 d6 8. c3 Bd7 9. d4 cxd4 10. cxd4 d5 11. exd5 Nxd5 12. Nc3 Nxc3 13. bxc3 Rc8 14. Qd3 Qa5 15. Bd2 h6 16. Ne5 Nxe5 17. Rxe5 Qc7 18. Rc1 Bc6 19. Bxc6 bxc6 20. Rh5 Rfd8 21. Bf4 Qd7 22. Qa6 c5 23. Rb1 Rc6 24. Qb7 cxd4 25. cxd4 Bf6 26. Be5 Rc1+ 27. Kg2 Rxb1 28. Qxb1 Qd5+ 29. f3 Bxe5 30. Rxe5 Qxd4 31. Re2 Qd3 32. Qe1 a5 33. a4 Qc4 34. Re5 Qc2+ 35. Kh3 Rd2 36. Qe4 Rxh2+ 37. Kg4 f5+ 0-1

[Event "WSTCC-50 2024"]
[Site "Krakow"]
[Date "2024.07.10"]
[Round "8.16"]
[White "Jahn, Constanze"]
[Black "Kozma, Edit"]
[Result "1/2-1/2"]
[WhiteElo "2051"]
[BlackElo "1859"]
[Annotator "NA RC"]
[PlyCount "163"]
[EventDate "2024.07.01"]
[EventType "team-tourn"]
[EventCountry "POL"]
[SourceTitle "playchess.com"]
[Source "ChessBase"]
[SourceQuality "1"]

1. e4 c5 2. Nc3 d6 3. f4 Nc6 4. Nf3 Nf6 5. Bc4 e6 6. O-O Be7 7. d3 O-O 8. Bb3 a6 9. a4 Bd7 10. Qe2 Nd4 11. Nxd4 cxd4 12. Nd1 e5 13. f5 Kh8 14. Nf2 h6 15. Bd2 Bc6 16. Ng4 Nxg4 17. Qxg4 Bf6 18. Rf3 Bg5 19. Bxg5 Qxg5 20. Qxg5 hxg5 21. Rh3+ Kg8 22. Rg3 b5 23. axb5 axb5 24. Rf1 Rfd8 25. Rxg5 d5 26. f6 g6 27. Rxe5 dxe4 28. Re7 Bd5 29. Bxd5 Rxd5 30. Rxe4 Ra2 31. Re8+ Kh7 32. Re7 Kg8 33. Rc7 Rxb2 34. Re1 Rd8 35. Ree7 Rf8 36. Red7 Rb4 37. Kf2 Ra4 38. Kf3 Ra6 39. Rxd4 Rxf6+ 40. Rf4 Rb6 41. g4 b4 42. g5 b3 43. cxb3 Rxb3 44. Rd4 Rb5 45. h4 f6 46. gxf6 Rxf6+ 47. Ke3 Re6+ 48. Kd2 Rb8 49. Rdd7 Rbe8 50. Kc3 Rf6 51. Rg7+ Kf8 52. Rh7 Kg8 53. Rcg7+ Kf8 54. Rh8+ Kxg7 55. Rxe8 Kh6 56. Re4 g5 57. hxg5+ Kxg5 58. d4 Rc6+ 59. Kd3 Kf6 60. Re1 Re6 61. Rf1+ Ke7 62. Ra1 Rb6 63. Kc4 Rc6+ 64. Kd5 Rd6+ 65. Kc5 Rh6 66. Ra7+ Kd8 67. d5 Kc8 68. Re7 Kd8 69. Rg7 Rf6 70. Rh7 Rg6 71. Rf7 Rh6 72. Rg7 Rf6 73. Rg8+ Kd7 74. Rh8 Rg6 75. Rh5 Kd8 76. Rh7 Rf6 77. Kd4 Rg6 78. Ke5 Ra6 79. Rh5 Kd7 80. Rg5 Ke8 81. d6 Ra5+ 82. Kf6 1/2-1/2

[Event "WSTCC-50 2024"]
[Site "Krakow"]
[Date "2024.07.10"]
[Round "8.16"]
[White "Korge, Kersti"]
[Black "Dettmann, Holger"]
[Result "1/2-1/2"]
[WhiteElo "1859"]
[BlackElo "1965"]
[Annotator "NA RC"]
[PlyCount "85"]
[EventDate "2024.07.01"]
[EventType "team-tourn"]
[EventCountry "POL"]
[SourceTitle "playchess.com"]
[Source "ChessBase"]
[SourceQuality "1"]

1. e4 d6 2. d4 g6 3. Nc3 Bg7 4. Be3 c6 5. Qd2 b5 6. f3 h5 7. h4 b4 8. Nd1 a5 9. a3 bxa3 10. Rxa3 Bb7 11. Nh3 Nf6 12. Be2 Nbd7 13. O-O O-O 14. Ng5 Qc7 15. Nc3 Rfb8 16. Rfa1 Nh7 17. Bc4 Nxg5 18. Bxg5 e6 19. Ne2 c5 20. Bh6 d5 21. exd5 Bxh6 22. Qxh6 Bxd5 23. Bxd5 exd5 24. Qg5 Rxb2 25. Qxd5 Rab8 26. Rc3 Rb1+ 27. Rxb1 Rxb1+ 28. Kf2 Rb5 29. Qe4 Qb6 30. Qe8+ Nf8 31. Qe3 cxd4 32. Qxd4 Qb8 33. g3 Rb4 34. Rc4 Ne6 35. Rxb4 axb4 36. Qe3 Qc7 37. Qd2 Qc4 38. Ke1 Qc5 39. Qd3 Qe5 40. Kd2 Qc5 41. Qe3 Qd5+ 42. Qd3 Qc5 43. Qe3 1/2-1/2

[Event "WSTCC-50 2024"]
[Site "Krakow"]
[Date "2024.07.10"]
[Round "8.17"]
[White "Crocker, Philip J"]
[Black "Lalic, Susan K"]
[Result "1/2-1/2"]
[WhiteElo "2122"]
[BlackElo "2235"]
[Annotator "RC"]
[PlyCount "43"]
[EventDate "2024.07.01"]
[EventType "team-tourn"]
[EventCountry "POL"]
[SourceTitle "playchess.com"]
[Source "ChessBase"]
[SourceQuality "1"]

1. c4 e5 2. g3 Nf6 3. Bg2 c6 4. Nf3 e4 5. Nd4 Qb6 6. Nb3 a5 7. d3 a4 8. N3d2 Bc5 9. O-O e3 10. fxe3 Bxe3+ 11. Kh1 Ng4 12. Ne4 O-O 13. Nbc3 d5 14. cxd5 Bxc1 15. Qxc1 Ne3 16. dxc6 bxc6 17. Rf3 Nxg2 18. Kxg2 Ra5 19. Qe3 Qd8 20. Nc5 Nd7 21. d4 Nxc5 22. dxc5 1/2-1/2

[Event "WSTCC-50 2024"]
[Site "Krakow"]
[Date "2024.07.10"]
[Round "8.18"]
[White "Lauterbach, Ingrid"]
[Black "Burrows, Martin P"]
[Result "1/2-1/2"]
[WhiteElo "2023"]
[BlackElo "2019"]
[Annotator "NA RC"]
[PlyCount "34"]
[EventDate "2024.07.01"]
[EventType "team-tourn"]
[EventCountry "POL"]
[SourceTitle "playchess.com"]
[Source "ChessBase"]
[SourceQuality "1"]

1. e4 c5 2. Nf3 d6 3. d4 cxd4 4. Qxd4 Nc6 5. Qd3 g6 6. Nc3 Bg7 7. Be2 Nf6 8. O-O O-O 9. a3 Bd7 10. Bg5 h6 11. Bf4 Rc8 12. Rad1 a6 13. Bc1 Re8 14. h3 Kh7 15. Qe3 Qc7 16. Bd3 Kg8 17. Rfe1 Be6 1/2-1/2

[Event "WSTCC-50 2024"]
[Site "Krakow"]
[Date "2024.07.10"]
[Round "8.18"]
[White "Czernicki, Bogdan"]
[Black "Sielicki, Tomasz"]
[Result "1/2-1/2"]
[WhiteElo "1886"]
[BlackElo "2017"]
[Annotator "NA RC"]
[PlyCount "24"]
[EventDate "2024.07.01"]
[EventType "team-tourn"]
[EventCountry "POL"]
[SourceTitle "playchess.com"]
[Source "ChessBase"]
[SourceQuality "1"]

1. d4 d5 2. Nf3 c5 3. e3 Nc6 4. a3 Nf6 5. Nbd2 e6 6. dxc5 Bxc5 7. b4 Bb6 8. b5 Na5 9. Bb2 O-O 10. Bd3 Qe7 11. O-O Rd8 12. Qe2 Bd7 1/2-1/2

[Event "WSTCC-50 2024"]
[Site "Krakow"]
[Date "2024.07.10"]
[Round "8.19"]
[White "Fraser-Mitchell, Jeremy N"]
[Black "Jackson, Sheila"]
[Result "1/2-1/2"]
[WhiteElo "2036"]
[BlackElo "1988"]
[Annotator "NA RC"]
[PlyCount "40"]
[EventDate "2024.07.01"]
[EventType "team-tourn"]
[EventCountry "POL"]
[SourceTitle "playchess.com"]
[Source "ChessBase"]
[SourceQuality "1"]

1. d4 d5 2. Nc3 Nf6 3. Bf4 Bf5 4. f3 e6 5. g4 Bg6 6. h4 h6 7. e3 Bd6 8. Nce2 c5 9. c3 Nc6 10. Kf2 e5 11. dxe5 Nxe5 12. Bxe5 Bxe5 13. Nh3 Nxg4+ 14. fxg4 Qxh4+ 15. Kg1 Qxg4+ 16. Bg2 Be4 17. Nef4 Qg3 18. Qe1 Qxe1+ 19. Rxe1 O-O-O 20. Rd1 Bxg2 1/2-1/2

[Event "WSTCC-50 2024"]
[Site "Krakow"]
[Date "2024.07.10"]
[Round "8.19"]
[White "Flis, Pawel"]
[Black "Skorecki, Janusz"]
[Result "0-1"]
[WhiteElo "1980"]
[BlackElo "1729"]
[Annotator "NA RC"]
[PlyCount "88"]
[EventDate "2024.07.01"]
[EventType "team-tourn"]
[EventCountry "POL"]
[SourceTitle "playchess.com"]
[Source "ChessBase"]
[SourceQuality "1"]

1. e4 e5 2. Nf3 Nc6 3. Bc4 Nf6 4. d3 Be7 5. O-O O-O 6. Re1 d6 7. c3 Na5 8. Bb5 Bd7 9. Bxd7 Qxd7 10. Nbd2 Nc6 11. Nf1 h6 12. Ng3 Bd8 13. Nf5 Ne7 14. N3h4 Ng6 15. Nxg6 fxg6 16. Qb3+ Kh7 17. Qxb7 gxf5 18. Qxa8 f4 19. f3 c6 20. Qb8 Bb6+ 21. Qxb6 axb6 22. d4 Nh5 23. Bd2 Rf6 24. Rad1 Rg6 25. Kf1 Qe7 26. Kg1 Qe6 27. b3 Qh3 28. Re2 Qxf3 29. Rde1 Qg4 30. dxe5 dxe5 31. c4 f3 32. Rf2 Nf4 33. Bxf4 Qxf4 34. g3 Qg4 35. Re3 Rf6 36. Kf1 h5 37. b4 Qd7 38. Rexf3 Rxf3 39. Rxf3 Qd1+ 40. Kf2 Qd4+ 41. Re3 Qxc4 42. a3 Qc1 43. Re1 Qxa3 44. Re3 Qxb4 0-1

[Event "WSTCC-50 2024"]
[Site "Krakow"]
[Date "2024.07.10"]
[Round "8.20"]
[White "Fink-Nunn, Petra"]
[Black "Noyce, Robert C"]
[Result "1/2-1/2"]
[WhiteElo "1947"]
[BlackElo "2088"]
[Annotator "NA RC"]
[PlyCount "59"]
[EventDate "2024.07.01"]
[EventType "team-tourn"]
[EventCountry "POL"]
[SourceTitle "playchess.com"]
[Source "ChessBase"]
[SourceQuality "1"]

1. e4 d5 2. exd5 Nf6 3. d4 Nxd5 4. Nf3 g6 5. c4 Nb6 6. c5 Nd5 7. Bc4 Bg7 8. O-O O-O 9. Nc3 c6 10. Re1 h6 11. Qb3 Nxc3 12. bxc3 b5 13. cxb6 axb6 14. Ba3 b5 15. Bd3 Bf6 16. Bb4 Kg7 17. Ne5 Bxe5 18. Rxe5 Re8 19. Rae1 e6 20. c4 Nd7 21. R5e3 bxc4 22. Qxc4 Nb6 23. Qxc6 Bd7 24. Qc5 Nd5 25. R3e2 Rc8 26. Qa5 Qxa5 27. Bxa5 Nf4 28. Rd2 Ra8 29. Bc3 Ra3 30. Rc1 1/2-1/2

[Event "WSTCC-50 2024"]
[Site "Krakow"]
[Date "2024.07.10"]
[Round "8.20"]
[White "Cholewa, Dorota"]
[Black "Zielinski, Olgierd"]
[Result "0-1"]
[WhiteElo "1530"]
[BlackElo "1913"]
[Annotator "NA RC"]
[PlyCount "126"]
[EventDate "2024.07.01"]
[EventType "team-tourn"]
[EventCountry "POL"]
[SourceTitle "playchess.com"]
[Source "ChessBase"]
[SourceQuality "1"]

1. Nf3 c5 2. g3 Nc6 3. d4 cxd4 4. Nxd4 g6 5. Bg2 Bg7 6. c3 Qb6 7. Nxc6 bxc6 8. O-O Nf6 9. Qc2 O-O 10. Be3 Qc7 11. Rd1 d6 12. Qc1 Ng4 13. h3 Nxe3 14. Qxe3 Rb8 15. b3 d5 16. Nd2 a5 17. Rac1 e5 18. c4 d4 19. Qe4 Bd7 20. c5 Rb5 21. a4 Rb4 22. Qd3 Bh6 23. Rc4 Bxd2 24. Rxd2 Rfb8 25. Rxb4 Rxb4 26. Rb2 Qa7 27. Qc2 Bf5 28. Qc1 Qd7 29. Kh2 Be6 30. Qc2 f5 31. Bf1 Qb7 32. e3 dxe3 33. fxe3 Rxb3 34. Rxb3 Qxb3 35. Bd3 e4 36. Qxb3 Bxb3 37. Bb1 Bxa4 38. Kg2 Bb3 39. g4 a4 40. gxf5 gxf5 41. Kg3 a3 42. Kf4 a2 43. Bxa2 Bxa2 44. Kxf5 Bd5 45. Kf6 Kf8 46. h4 Kg8 47. h5 Bf7 48. h6 Kf8 49. Ke5 Ke7 50. Kxe4 Ke6 51. Kd4 Bg6 52. e4 Bh5 53. Ke3 Ke5 54. Kd3 Bf3 55. Kc3 Bxe4 56. Kc4 Bd5+ 57. Kc3 Kf6 58. Kd4 Kg6 59. Ke3 Kxh6 60. Kf4 Kh5 61. Kf5 Kh4 62. Kf4 h5 63. Ke3 Kg3 0-1

[Event "WSTCC-50 2024"]
[Site "Krakow"]
[Date "2024.07.10"]
[Round "8.21"]
[White "Mertens, Marc"]
[Black "Kirby, Peter J."]
[Result "1/2-1/2"]
[WhiteElo "2142"]
[BlackElo "1984"]
[Annotator "RC"]
[PlyCount "120"]
[EventDate "2024.07.01"]
[EventType "team-tourn"]
[EventCountry "POL"]
[SourceTitle "playchess.com"]
[Source "ChessBase"]
[SourceQuality "1"]

1. e4 c5 2. Nf3 d6 3. d4 cxd4 4. Nxd4 Nf6 5. Nc3 Nc6 6. g3 g6 7. Nde2 Bg7 8. Bg2 O-O 9. O-O Rb8 10. a4 a6 11. Nd5 b5 12. axb5 axb5 13. c3 b4 14. Nd4 Nxd4 15. Nxf6+ Bxf6 16. cxd4 Be6 17. Bh6 Re8 18. Qd2 Qb6 19. Be3 Qb5 20. d5 Bd7 21. Bd4 Ra8 22. Bxf6 exf6 23. Qd4 Kg7 24. Rac1 Rec8 25. g4 h6 26. h4 Bxg4 27. e5 Bf5 28. exf6+ Kh7 29. Qf4 Qd7 30. Rc6 Rxc6 31. dxc6 Qe8 32. Qxd6 Qe6 33. Rd1 Ra1 34. Qd4 Rxd1+ 35. Qxd1 Qxf6 36. Qb3 Qe7 37. Qc4 Qe1+ 38. Kh2 Kg7 39. Qd4+ Kh7 40. Kg3 Qe7 41. Qf4 Bc8 42. Qe4 Qd6+ 43. f4 Be6 44. Bf3 f5 45. Qe3 g5 46. Qc1 Kg7 47. c7 Bc8 48. Qc4 Kf6 49. hxg5+ hxg5 50. Bh5 Qxf4+ 51. Qxf4 gxf4+ 52. Kxf4 Ke6 53. Bg6 Kd6 54. Bxf5 Bxf5 55. Kxf5 Kxc7 56. Ke5 Kc6 57. Kd4 Kb5 58. b3 Kc6 59. Kc4 Kb7 60. Kxb4 Kb6 1/2-1/2

[Event "WSTCC-50 2024"]
[Site "Krakow"]
[Date "2024.07.10"]
[Round "8.21"]
[White "Zeidler, Sven P."]
[Black "Belakovskaia, Anjelina"]
[Result "1-0"]
[WhiteElo "2116"]
[BlackElo "2171"]
[Annotator "RC"]
[PlyCount "79"]
[EventDate "2024.07.01"]
[EventType "team-tourn"]
[EventCountry "POL"]
[SourceTitle "playchess.com"]
[Source "ChessBase"]
[SourceQuality "1"]

1. e4 e5 2. Nf3 Nc6 3. d4 exd4 4. Bc4 Nf6 5. e5 d5 6. Bb5 Ne4 7. Nxd4 Bd7 8. Bxc6 bxc6 9. Be3 Qe7 10. f3 Nc5 11. f4 Qh4+ 12. g3 Qh3 13. Nc3 Rb8 14. Nb3 Ne6 15. Qd2 a5 16. O-O-O Bb4 17. Qd3 O-O 18. a3 Bxc3 19. Qxc3 a4 20. Nd4 Nxd4 21. Qxd4 Ra8 22. Rd2 Bf5 23. Rg1 h5 24. Qc5 Ra6 25. Qe7 Rc8 26. Bd4 Be4 27. g4 hxg4 28. e6 Rf8 29. exf7+ Rxf7 30. Qe8+ Rf8 31. Qe6+ Kh7 32. Rxg4 Qh6 33. Qxh6+ gxh6 34. Rg7+ Kh8 35. Rxc7+ Kg8 36. Rg7+ Kh8 37. Ra7+ Kg8 38. Rxa6 Rxf4 39. Rf2 Rh4 40. Ra7 1-0

[Event "WSTCC-50 2024"]
[Site "Krakow"]
[Date "2024.07.10"]
[Round "8.22"]
[White "Marinello, Beatriz"]
[Black "Davis, Lee"]
[Result "1/2-1/2"]
[WhiteElo "2109"]
[BlackElo "1932"]
[Annotator "NA RC"]
[PlyCount "44"]
[EventDate "2024.07.01"]
[EventType "team-tourn"]
[EventCountry "POL"]
[SourceTitle "playchess.com"]
[Source "ChessBase"]
[SourceQuality "1"]

1. d4 Nf6 2. c4 e6 3. g3 d5 4. Bg2 Be7 5. Nf3 c6 6. Qc2 O-O 7. O-O Nbd7 8. Nbd2 b6 9. e4 dxe4 10. Nxe4 Nxe4 11. Qxe4 Bb7 12. Ne5 Nxe5 13. dxe5 Rb8 14. Qe2 c5 15. Rd1 Qc7 16. Bf4 Bxg2 17. Kxg2 Rfd8 18. Qe4 Rd7 19. Rd2 Rxd2 20. Bxd2 Qb7 21. Kf3 Qxe4+ 22. Kxe4 Rd8 1/2-1/2

[Event "WSTCC-50 2024"]
[Site "Krakow"]
[Date "2024.07.10"]
[Round "8.22"]
[White "Rowe, Peter"]
[Black "Haensel, Jean-Marie"]
[Result "1-0"]
[WhiteElo "1960"]
[BlackElo "1868"]
[Annotator "NA RC"]
[PlyCount "133"]
[EventDate "2024.07.01"]
[EventType "team-tourn"]
[EventCountry "POL"]
[SourceTitle "playchess.com"]
[Source "ChessBase"]
[SourceQuality "1"]

1. d4 e6 2. Nf3 f5 3. Bf4 d6 4. e3 Be7 5. h3 Nf6 6. Be2 Ne4 7. c4 c5 8. dxc5 Qa5+ 9. Nbd2 dxc5 10. O-O Nxd2 11. Nxd2 Nc6 12. Nb3 Qb6 13. Bd6 Bd7 14. Bxe7 Nxe7 15. Qc2 Bc6 16. Rad1 Be4 17. Qc3 O-O 18. f3 Bc6 19. Qe5 Ba4 20. Rd6 Nc6 21. Qxe6+ Kh8 22. Bd1 Rae8 23. Qd5 Bxb3 24. Bxb3 Rxe3 25. Qd2 Re7 26. Ba4 Qa5 27. Bxc6 Qxd2 28. Rxd2 bxc6 29. Rfd1 Rc7 30. Re1 g6 31. Re5 Rf6 32. Rxc5 Kg8 33. Kf2 Re6 34. b4 h6 35. a4 Kf7 36. Rd8 Rb7 37. b5 cxb5 38. cxb5 Ke7 39. Rdc8 a6 40. Rh8 Kf6 41. Rhc8 axb5 42. axb5 Reb6 43. R8c6+ Kf7 44. Rxb6 Rxb6 45. Ke3 Ke7 46. Kd4 Rb8 47. Kc4 Kd7 48. Rc6 Rg8 49. Kc5 Re8 50. Rxg6 Re2 51. Rg7+ Kc8 52. Kb6 f4 53. Rg8+ Kd7 54. Kb7 Rb2 55. b6 Kd6 56. Rg6+ Kd7 57. Kb8 Kd8 58. b7 Ra2 59. Rg8+ Kd7 60. Rg7+ Kd8 61. Rf7 Ra4 62. Rf6 h5 63. Rf5 h4 64. Re5 Kd7 65. Re4 Ra2 66. Rd4+ Kc6 67. Kc8 1-0

[Event "WSTCC-50 2024"]
[Site "Krakow"]
[Date "2024.07.10"]
[Round "8.23"]
[White "Adams, Mark"]
[Black "Sagalchik, Olga"]
[Result "1/2-1/2"]
[WhiteElo "1951"]
[BlackElo "2128"]
[Annotator "RC"]
[PlyCount "43"]
[EventDate "2024.07.01"]
[EventType "team-tourn"]
[EventCountry "POL"]
[SourceTitle "playchess.com"]
[Source "ChessBase"]
[SourceQuality "1"]

1. e4 c5 2. Nf3 d6 3. d4 cxd4 4. Nxd4 Nf6 5. f3 e5 6. Nb3 Be6 7. c4 Be7 8. Nc3 O-O 9. Be3 Nfd7 10. Bd3 Na6 11. Rc1 Bg5 12. Bxg5 Qxg5 13. Qd2 Qh4+ 14. Qf2 Qxf2+ 15. Kxf2 Nb4 16. Be2 Nc5 17. Nxc5 dxc5 18. Rhd1 Nc6 19. b3 Rad8 20. Rxd8 Rxd8 21. Rd1 Nd4 22. Nb5 1/2-1/2

[Event "WSTCC-50 2024"]
[Site "Krakow"]
[Date "2024.07.10"]
[Round "8.23"]
[White "Kohnen, Marc"]
[Black "Brookfield, Toby"]
[Result "0-1"]
[WhiteElo "1837"]
[BlackElo "1894"]
[Annotator "NA RC"]
[PlyCount "56"]
[EventDate "2024.07.01"]
[EventType "team-tourn"]
[EventCountry "POL"]
[SourceTitle "playchess.com"]
[Source "ChessBase"]
[SourceQuality "1"]

1. e4 c5 2. Nf3 d6 3. d4 cxd4 4. Nxd4 Nf6 5. Nc3 g6 6. Be3 Bg7 7. Qd2 O-O 8. Bh6 Nc6 9. Bxg7 Kxg7 10. O-O-O Kg8 11. f4 Bg4 12. Nde2 Bd7 13. h3 Qa5 14. g4 b5 15. e5 b4 16. exf6 bxc3 17. Nxc3 Be6 18. fxe7 Nxe7 19. Qxd6 Rfe8 20. Bb5 Rec8 21. Qxe7 Rxc3 22. bxc3 Qxb5 23. Rd4 Qc6 24. Rhd1 Qxc3 25. g5 Qa1+ 26. Kd2 Qxd4+ 27. Ke1 Qe3+ 28. Kf1 Bc4+ 0-1

[Event "WSTCC-50 2024"]
[Site "Krakow"]
[Date "2024.07.10"]
[Round "8.24"]
[White "Tsodikova, Natalia"]
[Black "Thomas, Gary"]
[Result "1-0"]
[WhiteElo "2019"]
[BlackElo "1865"]
[Annotator "NA RC"]
[PlyCount "97"]
[EventDate "2024.07.01"]
[EventType "team-tourn"]
[EventCountry "POL"]
[SourceTitle "playchess.com"]
[Source "ChessBase"]
[SourceQuality "1"]

1. d4 c5 2. d5 e5 3. c4 d6 4. Nc3 Nf6 5. e4 Be7 6. Nf3 a6 7. Be2 Nbd7 8. O-O Nf8 9. Ne1 Ng6 10. a4 b6 11. Nd3 Bd7 12. Be3 Rb8 13. b4 h5 14. h3 Qc8 15. Bg5 Bxh3 16. Bxf6 Bxf6 17. bxc5 Nh4 18. Ne1 bxc5 19. gxh3 Qxh3 20. Qd3 Qd7 21. Ng2 Rh6 22. Nxh4 Bxh4 23. Rfb1 Rb4 24. Rxb4 cxb4 25. Nd1 Rg6+ 26. Kf1 Rf6 27. Bxh5 Rf4 28. Ke2 g6 29. Bf3 Qh3 30. Nb2 g5 31. Rh1 Qd7 32. Rf1 Qe7 33. Bg2 Qd7 34. f3 Qc7 35. Bh3 a5 36. Bf5 Bg3 37. Rh1 Rh4 38. Rxh4 gxh4 39. Qe3 Bf4 40. Qg1 Ke7 41. Kd3 Kf6 42. Kc2 Qb8 43. Kb3 Qh8 44. Qg4 Qh6 45. Nd3 Bg3 46. f4 exf4 47. c5 Ke7 48. e5 f3 49. cxd6+ 1-0

[Event "WSTCC-50 2024"]
[Site "Krakow"]
[Date "2024.07.11"]
[Round "9.1"]
[White "Ehlvest, Jaan"]
[Black "Mrva, Martin"]
[Result "1/2-1/2"]
[WhiteElo "2528"]
[BlackElo "2361"]
[Annotator "TA"]
[PlyCount "72"]
[EventDate "2024.07.01"]
[EventType "team-tourn"]
[EventCountry "POL"]
[SourceTitle "playchess.com"]
[Source "ChessBase"]
[SourceQuality "1"]

1. c4 Nf6 2. Nc3 g6 3. g3 Bg7 4. Bg2 O-O 5. e4 d6 6. Nge2 e5 7. O-O a5 8. d3 Na6 9. h3 c6 10. Be3 Be6 11. f4 b5 12. f5 Bd7 13. Qd2 b4 14. Nd1 d5 15. g4 d4 16. Bg5 Nc5 17. Nf2 h6 18. Bxh6 Nh7 19. g5 Bxh6 20. gxh6 Qg5 21. Qxg5 Nxg5 22. Ng3 Nh7 23. Rad1 Nf6 24. Ng4 Nxg4 25. hxg4 g5 26. Kf2 f6 27. Rh1 Be8 28. Bf3 Ra7 29. Ne2 b3 30. a3 Rh7 31. Ng1 Kf7 32. Be2 Rfh8 33. Nf3 Rxh6 34. Rxh6 Rxh6 35. Kg2 Ke7 36. Rb1 Bf7 1/2-1/2

[Event "WSTCC-50 2024"]
[Site "Krakow"]
[Date "2024.07.11"]
[Round "9.1"]
[White "Buckley, Graeme N"]
[Black "Dahl, Fredrik A"]
[Result "1-0"]
[WhiteElo "2334"]
[BlackElo "2237"]
[Annotator "TA"]
[PlyCount "69"]
[EventDate "2024.07.01"]
[EventType "team-tourn"]
[EventCountry "POL"]
[SourceTitle "playchess.com"]
[Source "ChessBase"]
[SourceQuality "1"]

1. e4 c5 2. Nf3 d6 3. Bb5+ Nd7 4. Ba4 Ngf6 5. O-O e6 6. Qe2 Be7 7. c3 a6 8. d4 b5 9. Bc2 Qc7 10. a4 Rb8 11. axb5 axb5 12. Bd3 b4 13. Nbd2 Bb7 14. cxb4 cxd4 15. Nxd4 O-O 16. N2b3 d5 17. Nb5 Qe5 18. f4 Qh5 19. Qxh5 Nxh5 20. e5 g5 21. fxg5 Bxb4 22. Be2 Ng7 23. Bf4 Nf5 24. Rfc1 Rfc8 25. Rxc8+ Rxc8 26. Ra7 Rb8 27. Kf1 Ne7 28. Ra4 Nc6 29. Nd6 Nb6 30. Ra1 Bxd6 31. exd6 e5 32. Bg3 Rd8 33. Na5 Ra8 34. b4 Nxb4 35. Rb1 1-0

[Event "WSTCC-50 2024"]
[Site "Krakow"]
[Date "2024.07.11"]
[Round "9.1"]
[White "Jhunjhnuwala, Krishan"]
[Black "Zeidler, Sven P."]
[Result "1/2-1/2"]
[WhiteElo "2227"]
[BlackElo "2116"]
[Annotator "TA"]
[PlyCount "59"]
[EventDate "2024.07.01"]
[EventType "team-tourn"]
[EventCountry "POL"]
[SourceTitle "playchess.com"]
[Source "ChessBase"]
[SourceQuality "1"]

1. e4 Nc6 2. Nc3 Nf6 3. f4 d5 4. e5 d4 5. exf6 dxc3 6. fxg7 cxd2+ 7. Qxd2 Qxd2+ 8. Bxd2 Bxg7 9. O-O-O Be6 10. a3 O-O-O 11. Nf3 Bd5 12. Be2 Nd4 13. Rhe1 Nxe2+ 14. Rxe2 Bxf3 15. gxf3 Bf6 16. Rg1 Rhg8 17. Rg3 h5 18. f5 h4 19. Rg4 h3 20. Bb4 b6 21. Bc3 Rg5 22. Bxf6 exf6 23. Rxg5 fxg5 24. Re7 f6 25. Rh7 Rd5 26. Rxh3 Rxf5 27. Kd2 Kd7 28. Ke3 a5 29. Rh7+ Kd6 30. h4 1/2-1/2

[Event "WSTCC-50 2024"]
[Site "Krakow"]
[Date "2024.07.11"]
[Round "9.2"]
[White "Motuz, Karol"]
[Black "Shabalov, Alexander"]
[Result "1/2-1/2"]
[WhiteElo "2293"]
[BlackElo "2467"]
[Annotator "TA"]
[PlyCount "31"]
[EventDate "2024.07.01"]
[EventType "team-tourn"]
[EventCountry "POL"]
[SourceTitle "playchess.com"]
[Source "ChessBase"]
[SourceQuality "1"]

1. d4 Nf6 2. c4 e6 3. Nf3 d5 4. Nc3 Bb4 5. Bg5 h6 6. Bxf6 Qxf6 7. Qa4+ Nc6 8. e3 O-O 9. Rc1 a6 10. a3 Bxc3+ 11. Rxc3 dxc4 12. Qxc4 Bd7 13. Be2 Rfc8 14. O-O e5 15. dxe5 Nxe5 16. Qc5 1/2-1/2

[Event "WSTCC-50 2024"]
[Site "Krakow"]
[Date "2024.07.11"]
[Round "9.2"]
[White "Kirkebo, Carl Peter"]
[Black "Dishman, Stephen"]
[Result "0-1"]
[WhiteElo "2160"]
[BlackElo "2308"]
[Annotator "TA"]
[PlyCount "64"]
[EventDate "2024.07.01"]
[EventType "team-tourn"]
[EventCountry "POL"]
[SourceTitle "playchess.com"]
[Source "ChessBase"]
[SourceQuality "1"]

1. e4 c6 2. Nc3 d5 3. Nf3 dxe4 4. Nxe4 Nf6 5. Qe2 Na6 6. Nxf6+ gxf6 7. g3 Nb4 8. Qe4 Qd5 9. Qxd5 cxd5 10. Nd4 e5 11. a3 exd4 12. axb4 Bxb4 13. Bg2 Be6 14. c3 Bc5 15. O-O O-O 16. cxd4 Bxd4 17. Ra4 Bb6 18. d3 Rfd8 19. Bh6 Rac8 20. Rf4 Rc2 21. Rxf6 Rxb2 22. Re1 Bd4 23. Rf4 Bg7 24. Bg5 Rc8 25. h4 h6 26. Be7 Rcc2 27. g4 Re2 28. Rxe2 Rxe2 29. Bc5 b6 30. Bd4 Re1+ 31. Kh2 Bf8 32. Rf6 Rd1 0-1

[Event "WSTCC-50 2024"]
[Site "Krakow"]
[Date "2024.07.11"]
[Round "9.2"]
[White "Davis, Lee"]
[Black "Jhunjhnuwala, Naresh"]
[Result "1/2-1/2"]
[WhiteElo "1932"]
[BlackElo "2009"]
[Annotator "NA RC"]
[PlyCount "35"]
[EventDate "2024.07.01"]
[EventType "team-tourn"]
[EventCountry "POL"]
[SourceTitle "playchess.com"]
[Source "ChessBase"]
[SourceQuality "1"]

1. d4 Nf6 2. Nf3 c5 3. c4 g6 4. g3 Bg7 5. Bg2 cxd4 6. Nxd4 Nc6 7. O-O O-O 8. Nc3 Nxd4 9. Qxd4 d6 10. Qd3 Qa5 11. Nd5 Nxd5 12. cxd5 Bf5 13. Be4 Bh3 14. Rd1 Rfc8 15. Bd2 Qb6 16. Rab1 Bd4 17. e3 Bg7 18. Bg2 1/2-1/2

[Event "WSTCC-50 2024"]
[Site "Krakow"]
[Date "2024.07.11"]
[Round "9.3"]
[White "Khachiyan, Melikset"]
[Black "Briestensky, Rastislav"]
[Result "1/2-1/2"]
[WhiteElo "2435"]
[BlackElo "2274"]
[Annotator "TA"]
[PlyCount "78"]
[EventDate "2024.07.01"]
[EventType "team-tourn"]
[EventCountry "POL"]
[SourceTitle "playchess.com"]
[Source "ChessBase"]
[SourceQuality "1"]

1. e4 c6 2. d4 d5 3. Nc3 dxe4 4. Nxe4 Nf6 5. Nxf6+ gxf6 6. c3 Bf5 7. Bd3 Bg6 8. Ne2 e6 9. O-O Nd7 10. Bf4 Nb6 11. Bg3 Bd6 12. Re1 Bxg3 13. Nxg3 Qd6 14. Qf3 Bxd3 15. Qxd3 O-O-O 16. Ne4 Qf4 17. Qe3 Qxe3 18. fxe3 f5 19. Ng5 Rd7 20. e4 h6 21. Nf3 fxe4 22. Rxe4 Nc4 23. b3 Nd6 24. Rf4 f5 25. Ne5 Rg7 26. Rd1 Ne4 27. Rd3 Rhg8 28. g3 Kc7 29. Kg2 Nf6 30. c4 Rd8 31. Kf3 h5 32. Re3 b6 33. Nd3 Re8 34. Re2 Rd7 35. Rh4 Kc8 36. Ne5 Rc7 37. Nd3 Rd7 38. Ne5 Rc7 39. Nd3 Rd7 1/2-1/2